01247njm a2200265Ia 450000100060000000300090000600500170001500800410003204000130007304000130008604100130009910000110011210000180012310000380014124500360017925000110021526000110022626000370023730000100027450000490028450502640033351101570059751101720075465000550092632949IT-RoPAU20220918181120.0131025s9999 xx 000 0 und d aIT-RoPAU cIT-RoPAU aITALIANO aAA.VV. eAutore musica gCodice autore musica SPICS: 12000 aMotivi dell'allegria (I) vol. 2 a1a ed. aMILANO bCOMBO RECORDc1970 [1a Ed.:1970] aDISCO aMusica folk, popolare. Brani di autori vari. aPaesanella - Violino tzigano - La famiglia Brambilla - Lo studente passa - Chiesetta alpina - La quadriglia di famiglia - Valencia - Lo spazzacamino - Eulalia Torricelli - La spagnola - La piccinina - Amor di pastorello - Sulla carrozzella - Festa in famiglia aCantano: Adriano Valle, Gabriella Piccinini, Lella Greco e Coro con Rocco Bandera e suo fratello, Victor Celli e Cristina Jorio con il Quintetto Allegro aCantano: Victor Celli e Cristina Jorio con il Quintetto Allegro; Adriano Valle, Gabriella Piccinini, Lella Greco e Coro con Rocco Bandera e suo fratello, ritmo Allegro aFOLK-POPOLARE [DISCHI]eCodice MATERIA SPICS: 9950